Culture Générale - Série 2298 - Statistiques

Statistiques générales
  • Ce quiz a été pris 128 fois
  • Le résultat moyen est 5 sur 10
Statistiques - réponses
Question Réponse % Correct
Comment appelle-t-on la créature légendaire qui vivrait sur l'Himalaya, autrement qu'abominable homme des neiges ? yéti
100%
Dans le langage familier, quel animal associe-t-on à la myopie ? taupe
96%
Quel animal est le beagle ? chien
87%
Quel anglicisme désigne un livre qui a obtenu un grand succès de librairie ? best-seller
85%
L'une des plus grandes et des plus importantes pinacothèques du monde se trouve à Madrid. Comment s'appelle ce musée ? Prado
50%
Quelle actrice française est la première à avoir remporté un prix d'interprétation dans les trois plus grands festivals de cinéma que sont Cannes, Venise et Berlin ? prénom et nom - voir photo Juliette Binoche
38%
Dans quelle île de l'Atlantique se trouve le phare de Chassiron ? Oléron
37%
Partie fixe d'un générateur, d'un moteur électrique, d'une turbine (opposé à rotor) stator
30%
Comment est appelé le thon blanc? germon
16%
Ce mot synonyme de traquenard est aussi un oiseau. guêpier
2%
Aucun quiz correspondant
Distribution des résultats
% des personnes avec chaque résultat
Percentile par nombre de réponses
Votre historique - résultats
Vous n’avez pas pris ce quiz